000 00760cab a2200217 4500
001 ABS40230
008 090401t1989 xxu||||| |||| 00| 0 eng d
035 _a(Sirsi) u22363
041 _aeng
245 _aBarkers and Daily Mail, Kensington
260 _c1989
350 _a0
490 _aBuilding
_v254(7580) 13 January 1989, 33-40(8)
520 _aA "Building" dossier on the refurbishment of Barkers department store, which resulted in extra space being made around an atrium for the "Daily Mail" offices. Includes an elemental cost analysis . Many photographs, diagrams.
650 _aATRIUM
650 _aDEPARTMENT STORES
650 _aNEWSPAPER OFFICES
690 _aBUILDING AND CONSTRUCTION-PROJECTS
942 _n0
948 _c04/03/1997
999 _c14982
_d14982